00439nam a2200145 a 4500008004100000020001500041050001600056100002500072245009200097260003400189300002200223350000900245650001800254650002100272150824s1978 ||||||||||||||||| || u a007059645x aQP 34.5 Sol aSolomon, Eldra Pearl10aUnderstanding human anatomy and physiologycby Eldra Pearl Solomon and P. William Davis aNew YorkbMc Graw- Hillc1978 axiii, 639p. :ill. a0.01 0aHUMAN ANATOMY 0aHUMAN PHYSIOLOGY